| 000 | 00528cam a2200181 4500500 | ||
|---|---|---|---|
| 005 | 20251228095025.0 | ||
| 041 | _afre | ||
| 042 | _adc | ||
| 100 | 1 | 0 |
_aVieira, António _eauthor |
| 245 | 0 | 0 | _aA visita |
| 260 | _c2016. | ||
| 500 | _a11 | ||
| 520 | _aNouvelle inédite. | ||
| 520 | _aA previously unpublished short story. | ||
| 520 | _aNovela inédita. | ||
| 786 | 0 | _nSigila | 37 | 1 | 2016-03-01 | p. 57-65 | 1286-1715 | |
| 856 | 4 | 1 | _uhttps://shs.cairn.info/revue-sigila-2016-1-page-57?lang=fr&redirect-ssocas=7080 |
| 999 |
_c1605347 _d1605347 |
||